| 000 | 00633nam a22002177a 4500 | ||
|---|---|---|---|
| 003 | OSt | ||
| 005 | 20220107122844.0 | ||
| 008 | 180904b xxu||||| |||| 00| 0 eng d | ||
| 020 | _a9788126552146 | ||
| 040 | _cIIITMK | ||
| 082 | _a006.312 STU/B | ||
| 100 |
_aStubbs, Evan _914720 |
||
| 245 |
_aBig data, big innovation: _bEnabling competitive differentiation through business analytics _cEvan Stubbs |
||
| 260 |
_aHoboken, _bWiley, _c2014. |
||
| 300 | _axvii,232p. | ||
| 650 |
_aCOMPUTER SCIENCE _914789 |
||
| 650 |
_aBIG DATA _914790 |
||
| 650 |
_aBUSINESS ANALYTICS _914791 |
||
| 650 |
_aBIG INNOVATION _914792 |
||
| 942 |
_2ddc _cBK |
||
| 999 |
_c6204 _d6204 |
||